000 00290nam a22001337a 4500
008 170320b xxu||||| |||| 00| 0 eng d
020 _a9780781723855
041 _aeng
080 _26 ED
_a616.8
100 _a7
101 _aSHM
245 _aCHILD NEUROLOGY
_cMENKES.J.H
942 _2udc
_cBK
999 _c8125
_d8125